Which Country Never Existed? - Statistics

General Stats
  • This quiz has been taken 45 times
    43 since last reset
  • The average score is 8 of 10
Answer Stats
Question Answer % Correct
Which was never an independent country? Hong Kong
98%
Which was never an independent country? Sokovia
98%
Which was never an independent country? West Iceland
98%
Which was never an independent country? Falkland Islands
90%
Which was never an independent country? Northern Ireland
85%
Which was never an independent country? Ethiomalia
80%
Which was never an independent country? West Berlin
80%
Which was never an independent country? South German Confederation
66%
Which was never an independent country? Virginia
66%
Which was never an independent country? Nigeria Empire
46%
No matching quizzes found
Score Distribution
Percent of People with Each Score
Percentile by Number Answered
Your Score History
You have not taken this quiz since the last reset